[Event "DVM U20w 2023"]
[Site "Magdeburg GER"]
[Date "2023.12.29"]
[Round "5"]
[White "Hopp, Celina"]
[Black "Fischer, Darja"]
[Result "1-0"]
[Termination "normal"]
[Board "2.2"]
[WhiteElo "1583"]
[BlackElo "1775"]
[WhiteClock "00:03:57"]
[BlackClock "00:12:08"]
[WhiteTeam "SC Borussia Lichtenberg"]
[BlackTeam "Karlsruher SF 1853"]
[PlyCount "71"]
[WhiteFideId "16235240"]
[BlackFideId "16240898"]
[EventCountry "GER"]
[EventRounds "7"]
[EventType "team-swiss"]
[EventDate "2023.12.26"]

1. e4 {[%clk 01:30:52]} {[%emt 00:00:07]} c6 {[%clk 01:30:57]} {[%emt
00:00:03]} 2. d4 {[%clk 01:31:05]} {[%emt 00:00:18]} d5 {[%clk 01:31:22]}
{[%emt 00:00:05]} 3. exd5 {[%clk 01:31:09]} {[%emt 00:00:26]} cxd5 {[%clk
01:31:46]} {[%emt 00:00:06]} 4. Nf3 {[%clk 01:31:12]} {[%emt 00:00:27]} Nc6
{[%clk 01:31:48]} {[%emt 00:00:27]} 5. Bf4 {[%clk 01:30:33]} {[%emt 00:01:10]}
Nf6 {[%clk 01:31:23]} {[%emt 00:00:55]} 6. Bb5 {[%clk 01:28:58]} {[%emt
00:02:05]} e6 {[%clk 01:29:32]} {[%emt 00:02:20]} 7. O-O {[%clk 01:28:11]}
{[%emt 00:01:17]} Be7 {[%clk 01:29:46]} {[%emt 00:00:16]} 8. Ne5 {[%clk
01:26:34]} {[%emt 00:02:08]} Bd7 {[%clk 01:30:05]} {[%emt 00:00:10]} 9. Nxd7
{[%clk 01:26:21]} {[%emt 00:00:44]} Qxd7 {[%clk 01:28:37]} {[%emt 00:01:57]}
10. c3 {[%clk 01:24:53]} {[%emt 00:01:58]} O-O {[%clk 01:28:57]} {[%emt
00:00:11]} 11. Nd2 {[%clk 01:24:22]} {[%emt 00:01:02]} a6 {[%clk 01:28:06]}
{[%emt 00:01:20]} 12. Bd3 {[%clk 01:21:48]} {[%emt 00:03:04]} b5 {[%clk
01:21:52]} {[%emt 00:06:44]} 13. Qf3 {[%clk 01:21:21]} {[%emt 00:00:57]} b4
{[%clk 01:18:03]} {[%emt 00:04:19]} 14. Qh3 {[%clk 01:20:09]} {[%emt 00:01:42]}
Rfc8 {[%clk 01:13:34]} {[%emt 00:04:59]} 15. Bg5 {[%clk 01:14:13]} {[%emt
00:06:26]} g6 {[%clk 01:12:50]} {[%emt 00:01:13]} 16. Rfe1 {[%clk 01:07:09]}
{[%emt 00:07:35]} Qd8 {[%clk 01:06:05]} {[%emt 00:07:15]} 17. Re3 {[%clk
01:03:15]} {[%emt 00:04:24]} Nh5 {[%clk 01:04:58]} {[%emt 00:01:37]} 18. Bh6
{[%clk 01:01:30]} {[%emt 00:02:14]} Bg5 {[%clk 01:04:32]} {[%emt 00:00:56]} 19.
Bxg5 {[%clk 01:01:41]} {[%emt 00:00:20]} Qxg5 {[%clk 01:04:53]} {[%emt
00:00:09]} 20. Nf3 {[%clk 01:00:19]} {[%emt 00:01:52]} Qf6 {[%clk 00:56:51]}
{[%emt 00:08:31]} 21. g3 {[%clk 00:56:50]} {[%emt 00:04:01]} Ng7 {[%clk
00:48:11]} {[%emt 00:09:10]} 22. Qh6 {[%clk 00:37:23]} {[%emt 00:19:56]} Ne8
{[%clk 00:45:58]} {[%emt 00:02:42]} 23. Rae1 {[%clk 00:30:11]} {[%emt
00:07:43]} Qg7 {[%clk 00:41:08]} {[%emt 00:05:20]} 24. Qh4 {[%clk 00:29:08]}
{[%emt 00:01:33]} bxc3 {[%clk 00:37:40]} {[%emt 00:03:58]} 25. bxc3 {[%clk
00:29:00]} {[%emt 00:00:38]} Na5 {[%clk 00:37:23]} {[%emt 00:00:47]} 26. Ng5
{[%clk 00:15:32]} {[%emt 00:13:59]} Rc6 {[%clk 00:30:39]} {[%emt 00:07:13]} 27.
Nxe6 {[%clk 00:14:52]} {[%emt 00:01:10]} fxe6 {[%clk 00:30:02]} {[%emt
00:01:07]} 28. Rxe6 {[%clk 00:15:16]} {[%emt 00:00:06]} Rxe6 {[%clk 00:28:56]}
{[%emt 00:01:37]} 29. Rxe6 {[%clk 00:15:40]} {[%emt 00:00:05]} Kf8 {[%clk
00:28:47]} {[%emt 00:00:38]} 30. Qf4+ {[%clk 00:13:29]} {[%emt 00:02:42]} Kg8
{[%clk 00:25:32]} {[%emt 00:03:45]} 31. Qg5 {[%clk 00:09:45]} {[%emt 00:04:14]}
Kf8 {[%clk 00:22:41]} {[%emt 00:03:21]} 32. Qxd5 {[%clk 00:07:33]} {[%emt
00:02:42]} Nb7 {[%clk 00:19:47]} {[%emt 00:03:24]} 33. Bc4 {[%clk 00:05:49]}
{[%emt 00:02:13]} Qf7 {[%clk 00:16:31]} {[%emt 00:03:46]} 34. Qe5 {[%clk
00:03:46]} {[%emt 00:02:34]} Nbd6 {[%clk 00:11:41]} {[%emt 00:05:20]} 35. Qh8+
{[%clk 00:03:48]} {[%emt 00:00:27]} Qg8 {[%clk 00:12:08]} {[%emt 00:00:04]} 36.
Rxe8+ {[%clk 00:03:57]} {[%emt 00:00:21]} 1-0

[Event "DVM U20w 2023"]
[Site "Magdeburg GER"]
[Date "2023.12.29"]
[Round "5"]
[White "Hoffmann, Sophia"]
[Black "Hasselmann, Isabelle Sophia"]
[Result "1/2-1/2"]
[Termination "normal"]
[Board "2.3"]
[WhiteElo "1423"]
[BlackElo "1324"]
[WhiteClock "00:00:58"]
[BlackClock "00:57:59"]
[WhiteTeam "Karlsruher SF 1853"]
[BlackTeam "SC Borussia Lichtenberg"]
[PlyCount "121"]
[WhiteFideId "16259130"]
[BlackFideId "16266951"]
[EventCountry "GER"]
[EventRounds "7"]
[EventType "team-swiss"]
[EventDate "2023.12.26"]

1. d4 {[%clk 01:30:55]} {[%emt 00:00:05]} g6 {[%clk 01:29:58]} {[%emt
00:01:02]} 2. Nf3 {[%clk 01:30:03]} {[%emt 00:01:22]} d6 {[%clk 01:30:06]}
{[%emt 00:00:22]} 3. Bf4 {[%clk 01:29:18]} {[%emt 00:01:15]} Bg7 {[%clk
01:29:09]} {[%emt 00:01:27]} 4. e3 {[%clk 01:27:17]} {[%emt 00:02:31]} Nd7
{[%clk 01:26:58]} {[%emt 00:02:41]} 5. c3 {[%clk 01:24:27]} {[%emt 00:03:20]}
e5 {[%clk 01:26:57]} {[%emt 00:00:31]} 6. dxe5 {[%clk 01:18:22]} {[%emt
00:06:35]} dxe5 {[%clk 01:27:19]} {[%emt 00:00:09]} 7. Bg3 {[%clk 01:18:08]}
{[%emt 00:00:44]} Nh6 {[%clk 01:26:44]} {[%emt 00:01:04]} 8. Bc4 {[%clk
01:15:49]} {[%emt 00:02:50]} O-O {[%clk 01:26:25]} {[%emt 00:00:48]} 9. O-O
{[%clk 01:13:19]} {[%emt 00:03:00]} Nf5 {[%clk 01:25:45]} 10. Nbd2 {[%clk
01:09:07]} {[%emt 00:05:53]} Nxg3 {[%clk 01:24:44]} {[%emt 00:01:30]} 11. hxg3
{[%clk 01:09:13]} {[%emt 00:00:24]} b6 {[%clk 01:22:28]} {[%emt 00:02:47]} 12.
Qc2 {[%clk 01:05:51]} {[%emt 00:03:50]} Bb7 {[%clk 01:21:13]} {[%emt 00:01:46]}
13. Nh4 {[%clk 00:52:42]} {[%emt 00:13:39]} Nc5 {[%clk 01:16:29]} 14. Rad1
{[%clk 00:49:34]} {[%emt 00:08:51]} Qf6 {[%clk 01:14:35]} 15. b4 {[%clk
00:45:54]} {[%emt 00:06:36]} Nd7 {[%clk 01:09:06]} {[%emt 00:05:59]} 16. Ne4
{[%clk 00:43:13]} {[%emt 00:03:10]} Qe7 {[%clk 01:06:53]} {[%emt 00:02:42]} 17.
f4 {[%clk 00:41:03]} {[%emt 00:02:41]} exf4 {[%clk 01:05:52]} {[%emt 00:01:31]}
18. Rxf4 {[%clk 00:40:13]} {[%emt 00:01:19]} Bh6 {[%clk 01:05:03]} {[%emt
00:01:20]} 19. Rxd7 {[%clk 00:36:03]} {[%emt 00:04:41]} Bxe4 {[%clk 01:05:09]}
{[%emt 00:00:23]} 20. Rxe7 {[%clk 00:35:15]} {[%emt 00:01:19]} Bxc2 {[%clk
01:05:29]} {[%emt 00:00:09]} 21. Rfxf7 {[%clk 00:33:38]} {[%emt 00:02:08]} Rxf7
{[%clk 01:02:09]} {[%emt 00:03:50]} 22. Rxf7 {[%clk 00:32:23]} {[%emt
00:01:44]} Bxe3+ {[%clk 01:02:20]} {[%emt 00:00:19]} 23. Kh2 {[%clk 00:32:25]}
{[%emt 00:00:28]} Bd3 {[%clk 00:59:28]} {[%emt 00:03:22]} 24. Rxc7+ {[%clk
00:31:35]} {[%emt 00:01:20]} Bxc4 {[%clk 00:59:51]} {[%emt 00:00:07]} 25. Rxc4
{[%clk 00:31:59]} {[%emt 00:00:07]} Rd8 {[%clk 00:57:50]} {[%emt 00:02:30]} 26.
Nf3 {[%clk 00:26:30]} {[%emt 00:05:55]} Rd1 {[%clk 00:55:27]} {[%emt 00:02:57]}
27. Rc8+ {[%clk 00:18:02]} {[%emt 00:08:58]} Kg7 {[%clk 00:55:28]} {[%emt
00:00:29]} 28. Rc7+ {[%clk 00:18:20]} {[%emt 00:00:12]} Kg8 {[%clk 00:55:54]}
{[%emt 00:00:04]} 29. Rxa7 {[%clk 00:18:06]} {[%emt 00:00:45]} g5 {[%clk
00:55:52]} {[%emt 00:00:31]} 30. Kh3 {[%clk 00:14:00]} {[%emt 00:04:37]} h5
{[%clk 00:54:31]} {[%emt 00:01:51]} 31. g4 {[%clk 00:13:15]} {[%emt 00:01:15]}
Rh1+ {[%clk 00:54:24]} {[%emt 00:00:36]} 32. Kg3 {[%clk 00:09:23]} {[%emt
00:04:21]} h4+ {[%clk 00:54:25]} {[%emt 00:00:30]} 33. Nxh4 {[%clk 00:09:09]}
{[%emt 00:00:45]} gxh4+ {[%clk 00:54:30]} {[%emt 00:00:24]} 34. Kf3 {[%clk
00:09:18]} {[%emt 00:00:20]} Bd2 {[%clk 00:52:52]} {[%emt 00:02:09]} 35. Rb7
{[%clk 00:08:26]} {[%emt 00:01:23]} Bxc3 {[%clk 00:53:09]} {[%emt 00:00:13]}
36. Rxb6 {[%clk 00:08:45]} {[%emt 00:00:10]} Bd4 {[%clk 00:53:05]} {[%emt
00:00:34]} 37. Rb7 {[%clk 00:08:08]} {[%emt 00:01:07]} Rf1+ {[%clk 00:52:59]}
{[%emt 00:00:35]} 38. Ke4 {[%clk 00:07:03]} {[%emt 00:01:36]} Bg1 {[%clk
00:52:45]} {[%emt 00:00:44]} 39. b5 {[%clk 00:03:11]} {[%emt 00:04:22]} Rf2
{[%clk 00:50:54]} {[%emt 00:02:21]} 40. Rb8+ {[%clk 00:00:49]} {[%emt
00:02:52]} Kg7 {[%clk 00:51:13]} {[%emt 00:00:10]} 41. Rb7+ {[%clk 00:25:16]}
{[%emt 00:06:04]} Kg6 {[%clk 01:20:39]} {[%emt 00:01:04]} 42. Rb8 {[%clk
00:09:16]} {[%emt 00:16:31]} Rxg2 {[%clk 01:20:07]} {[%emt 00:01:02]} 43. b6
{[%clk 00:08:56]} {[%emt 00:00:49]} Rb2 {[%clk 01:19:35]} {[%emt 00:01:02]} 44.
b7 {[%clk 00:08:15]} {[%emt 00:01:11]} Kg7 {[%clk 01:19:51]} {[%emt 00:00:14]}
45. Rc8 {[%clk 00:06:34]} {[%emt 00:02:11]} Rxb7 {[%clk 01:19:32]} {[%emt
00:00:50]} 46. Rc2 {[%clk 00:04:32]} {[%emt 00:02:31]} h3 {[%clk 01:19:20]}
{[%emt 00:00:42]} 47. Kf3 {[%clk 00:04:20]} {[%emt 00:00:42]} h2 {[%clk
01:19:34]} {[%emt 00:00:16]} 48. Kg2 {[%clk 00:04:44]} {[%emt 00:00:05]} Kg6
{[%clk 01:19:35]} {[%emt 00:00:30]} 49. a4 {[%clk 00:03:04]} {[%emt 00:02:11]}
Rh7 {[%clk 01:19:55]} {[%emt 00:00:09]} 50. Kh1 {[%clk 00:03:19]} {[%emt
00:00:15]} Rh3 {[%clk 01:19:12]} {[%emt 00:01:13]} 51. Ra2 {[%clk 00:02:59]}
{[%emt 00:00:50]} Kg5 {[%clk 01:18:18]} 52. a5 {[%clk 00:03:08]} {[%emt
00:01:45]} Kxg4 {[%clk 01:16:40]} {[%emt 00:02:07]} 53. a6 {[%clk 00:03:21]}
{[%emt 00:00:18]} Rh8 {[%clk 01:10:31]} {[%emt 00:06:38]} 54. Ra3 {[%clk
00:03:01]} {[%emt 00:00:51]} Ba7 {[%clk 01:06:16]} {[%emt 00:04:46]} 55. Ra2
{[%clk 00:02:54]} {[%emt 00:00:36]} Kg3 {[%clk 01:05:52]} {[%emt 00:00:53]} 56.
Ra3+ {[%clk 00:02:31]} {[%emt 00:00:53]} Kf4 {[%clk 01:05:20]} {[%emt
00:01:02]} 57. Ra2 {[%clk 00:02:49]} {[%emt 00:00:13]} Rg8 {[%clk 01:05:13]}
{[%emt 00:00:37]} 58. Ra4+ {[%clk 00:02:13]} {[%emt 00:01:06]} Kf3 {[%clk
00:59:11]} {[%emt 00:06:32]} 59. Ra3+ {[%clk 00:01:37]} {[%emt 00:01:06]} Ke4
{[%clk 00:59:24]} {[%emt 00:00:17]} 60. Kxh2 {[%clk 00:01:01]} {[%emt
00:01:06]} Kf4 {[%clk 00:57:59]} {[%emt 00:01:55]} 61. Rb3 {[%clk 00:00:58]}
{[%emt 00:00:32]} 1/2-1/2

[Event "DVM U20w 2023"]
[Site "Magdeburg GER"]
[Date "2023.12.29"]
[Round "5"]
[White "Kessen, Fanny"]
[Black "Chung, Dana"]
[Result "1-0"]
[Termination "normal"]
[Board "2.4"]
[WhiteElo "1419"]
[BlackElo "1289"]
[WhiteClock "00:29:39"]
[BlackClock "00:34:22"]
[WhiteTeam "SC Borussia Lichtenberg"]
[BlackTeam "Karlsruher SF 1853"]
[PlyCount "45"]
[WhiteFideId "16217357"]
[BlackFideId "16235290"]
[EventCountry "GER"]
[EventRounds "7"]
[EventType "team-swiss"]
[EventDate "2023.12.26"]

1. e4 {[%clk 01:30:58]} {[%emt 00:00:01]} c6 {[%emt 00:00:12]} 2. d4 {[%clk
01:31:23]} d5 {[%clk 01:31:17]} {[%emt 00:00:07]} 3. exd5 {[%clk 01:31:44]}
cxd5 {[%clk 01:31:41]} {[%emt 00:00:14]} 4. Bd3 {[%emt 00:00:24]} Nc6 {[%clk
01:31:58]} 5. c3 {[%clk 01:32:17]} {[%emt 00:00:17]} Qc7 {[%clk 01:32:11]}
{[%emt 00:00:15]} 6. h3 {[%clk 01:30:05]} {[%emt 00:02:44]} e6 {[%clk
01:30:19]} {[%emt 00:02:22]} 7. Qf3 {[%clk 01:17:25]} {[%emt 00:13:09]} Nf6
{[%clk 01:26:58]} {[%emt 00:03:52]} 8. Bf4 {[%clk 01:10:52]} {[%emt 00:07:03]}
Bd6 {[%clk 01:26:43]} {[%emt 00:00:44]} 9. Bxd6 {[%clk 01:08:45]} {[%emt
00:02:37]} Qxd6 {[%clk 01:23:43]} {[%emt 00:03:30]} 10. Qe2 {[%clk 01:07:39]}
{[%emt 00:01:37]} Bd7 {[%clk 01:23:25]} {[%emt 00:00:47]} 11. Nf3 {[%clk
01:07:13]} {[%emt 00:00:57]} O-O {[%clk 01:16:17]} {[%emt 00:07:37]} 12. O-O
{[%clk 01:05:52]} {[%emt 00:01:51]} Rfe8 {[%clk 01:12:12]} {[%emt 00:04:35]}
13. Ne5 {[%clk 01:03:41]} {[%emt 00:02:41]} Qc7 {[%clk 01:10:40]} {[%emt
00:01:59]} 14. f4 {[%clk 00:59:40]} {[%emt 00:04:34]} Bc8 {[%clk 01:03:49]}
{[%emt 00:07:21]} 15. Nd2 {[%clk 00:56:55]} {[%emt 00:03:16]} Nd7 {[%clk
01:00:35]} {[%emt 00:03:43]} 16. Bxh7+ {[%clk 00:53:28]} {[%emt 00:03:58]} Kf8
{[%clk 00:55:02]} {[%emt 00:06:02]} 17. Bd3 {[%clk 00:37:33]} {[%emt 00:16:25]}
Ncxe5 {[%clk 00:50:49]} {[%emt 00:04:43]} 18. fxe5 {[%clk 00:36:30]} {[%emt
00:01:34]} Nb6 {[%clk 00:48:45]} {[%emt 00:02:33]} 19. Qh5 {[%clk 00:34:02]}
{[%emt 00:02:59]} Ke7 {[%clk 00:38:45]} {[%emt 00:10:29]} 20. Rxf7+ {[%clk
00:33:50]} {[%emt 00:00:42]} Kd8 {[%clk 00:39:07]} {[%emt 00:00:08]} 21. Rxc7
{[%clk 00:34:06]} {[%emt 00:00:14]} Bd7 {[%clk 00:35:08]} {[%emt 00:04:29]} 22.
Rxb7 {[%clk 00:30:30]} {[%emt 00:04:06]} Kc8 {[%clk 00:34:22]} {[%emt
00:01:16]} 23. Ba6 {[%clk 00:29:39]} {[%emt 00:01:22]} 1-0

[Event "DVM U20w 2023"]
[Site "Magdeburg GER"]
[Date "2023.12.29"]
[Round "5"]
[White "Bauer, Laura Sophie"]
[Black "Falke, Ornella"]
[Result "0-1"]
[Termination "normal"]
[Board "3.1"]
[BlackTitle "WCM"]
[WhiteElo "1878"]
[BlackElo "1969"]
[WhiteClock "00:07:23"]
[BlackClock "00:07:10"]
[WhiteTeam "SK Kelheim 1920"]
[BlackTeam "Elmshorner SC 1896"]
[PlyCount "100"]
[WhiteFideId "16253647"]
[BlackFideId "16207092"]
[EventCountry "GER"]
[EventRounds "7"]
[EventType "team-swiss"]
[EventDate "2023.12.26"]

1. e4 {[%clk 01:30:57]} {[%emt 00:00:02]} c5 {[%clk 01:30:52]} {[%emt
00:00:09]} 2. Nf3 {[%clk 01:31:18]} {[%emt 00:00:07]} Nc6 {[%clk 01:31:16]}
{[%emt 00:00:08]} 3. d4 {[%clk 01:31:36]} {[%emt 00:00:11]} cxd4 {[%clk
01:31:39]} {[%emt 00:00:07]} 4. Nxd4 {[%clk 01:31:57]} {[%emt 00:00:08]} Nf6
{[%clk 01:32:03]} {[%emt 00:00:07]} 5. Nc3 {[%clk 01:32:19]} {[%emt 00:00:08]}
e5 {[%clk 01:32:26]} {[%emt 00:00:08]} 6. Ndb5 {[%clk 01:32:39]} {[%emt
00:00:08]} d6 {[%clk 01:32:47]} {[%emt 00:00:11]} 7. Bg5 {[%clk 01:32:54]}
{[%emt 00:00:14]} a6 {[%clk 01:32:50]} {[%emt 00:00:28]} 8. Na3 {[%clk
01:33:12]} {[%emt 00:00:12]} b5 {[%clk 01:33:04]} {[%emt 00:00:16]} 9. Nd5
{[%clk 01:33:31]} {[%emt 00:00:10]} Be7 {[%clk 01:29:19]} {[%emt 00:04:16]} 10.
Bxf6 {[%clk 01:32:28]} {[%emt 00:01:33]} Bxf6 {[%clk 01:29:36]} {[%emt
00:00:12]} 11. c3 {[%clk 01:32:44]} {[%emt 00:00:15]} Bg5 {[%clk 01:29:04]}
{[%emt 00:01:01]} 12. Nc2 {[%clk 01:32:27]} {[%emt 00:00:48]} Rb8 {[%clk
01:29:16]} {[%emt 00:00:18]} 13. a3 {[%clk 01:31:49]} {[%emt 00:01:08]} O-O
{[%clk 01:28:18]} {[%emt 00:01:28]} 14. Ncb4 {[%clk 01:28:19]} {[%emt
00:03:59]} Bb7 {[%clk 01:13:47]} {[%emt 00:15:02]} 15. h4 {[%clk 01:25:47]}
{[%emt 00:03:02]} Bh6 {[%clk 01:13:27]} {[%emt 00:00:50]} 16. g4 {[%clk
01:19:36]} {[%emt 00:06:40]} f6 {[%clk 01:02:11]} {[%emt 00:11:46]} 17. Qd3
{[%clk 01:01:11]} {[%emt 00:18:55]} Ne7 {[%clk 00:52:12]} {[%emt 00:10:30]} 18.
Rd1 {[%clk 00:53:11]} {[%emt 00:08:29]} Nxd5 {[%clk 00:50:23]} {[%emt
00:02:19]} 19. Nxd5 {[%clk 00:53:20]} {[%emt 00:00:21]} Rc8 {[%clk 00:43:41]}
{[%emt 00:07:12]} 20. Bh3 {[%clk 00:48:33]} {[%emt 00:05:17]} Rc5 {[%clk
00:38:24]} {[%emt 00:05:47]} 21. Bg2 {[%clk 00:41:35]} {[%emt 00:07:28]} Bxd5
{[%clk 00:34:50]} {[%emt 00:04:05]} 22. exd5 {[%clk 00:39:12]} {[%emt
00:02:53]} Qd7 {[%clk 00:34:18]} {[%emt 00:01:02]} 23. Be4 {[%clk 00:24:13]}
{[%emt 00:15:29]} Qxg4 {[%clk 00:31:29]} {[%emt 00:03:18]} 24. Bxh7+ {[%clk
00:24:16]} {[%emt 00:00:28]} Kh8 {[%clk 00:31:45]} {[%emt 00:00:13]} 25. Qf5
{[%clk 00:19:21]} {[%emt 00:05:25]} Qc4 {[%clk 00:25:48]} {[%emt 00:06:27]} 26.
Qe4 {[%clk 00:16:40]} {[%emt 00:03:11]} Qxe4+ {[%clk 00:20:04]} {[%emt
00:06:15]} 27. Bxe4 {[%clk 00:17:02]} {[%emt 00:00:07]} f5 {[%clk 00:20:32]}
{[%emt 00:00:03]} 28. Bb1 {[%clk 00:16:16]} {[%emt 00:01:16]} Rc4 {[%clk
00:19:54]} {[%emt 00:01:09]} 29. Rd3 {[%clk 00:13:05]} {[%emt 00:03:40]} Rf6
{[%clk 00:14:05]} {[%emt 00:06:19]} 30. h5 {[%clk 00:12:21]} {[%emt 00:01:13]}
Bf4 {[%clk 00:13:22]} {[%emt 00:01:13]} 31. f3 {[%clk 00:09:38]} {[%emt
00:03:13]} Kg8 {[%clk 00:12:13]} {[%emt 00:01:39]} 32. Ba2 {[%clk 00:08:47]}
{[%emt 00:01:21]} Rc8 {[%clk 00:12:03]} {[%emt 00:00:41]} 33. Ke2 {[%clk
00:08:06]} {[%emt 00:01:11]} Kf7 {[%clk 00:12:12]} {[%emt 00:00:20]} 34. Rdd1
{[%clk 00:08:14]} {[%emt 00:00:22]} Rh6 {[%clk 00:12:21]} {[%emt 00:00:22]} 35.
Rh3 {[%clk 00:08:25]} {[%emt 00:00:19]} Kf6 {[%clk 00:12:19]} {[%emt 00:00:32]}
36. Bb1 {[%clk 00:08:23]} {[%emt 00:00:31]} Rch8 {[%clk 00:11:55]} {[%emt
00:00:55]} 37. Rdh1 {[%clk 00:08:40]} {[%emt 00:00:12]} g6 {[%clk 00:11:50]}
{[%emt 00:00:36]} 38. Bd3 {[%clk 00:08:27]} {[%emt 00:00:43]} gxh5 {[%clk
00:10:35]} {[%emt 00:01:45]} 39. Kf2 {[%clk 00:08:16]} {[%emt 00:00:41]} h4
{[%clk 00:10:42]} {[%emt 00:00:22]} 40. Bb1 {[%clk 00:08:14]} {[%emt 00:00:32]}
Bg3+ {[%clk 00:10:50]} {[%emt 00:00:22]} 41. Ke2 {[%clk 00:08:34]} {[%emt
00:00:11]} Kg5 {[%clk 00:10:07]} {[%emt 00:01:12]} 42. Rf1 {[%clk 00:08:05]}
{[%emt 00:00:58]} Rc8 {[%clk 00:06:58]} {[%emt 00:03:40]} 43. Rd1 {[%clk
00:07:59]} {[%emt 00:00:36]} Rh7 {[%clk 00:06:35]} {[%emt 00:00:52]} 44. Bc2
{[%clk 00:07:16]} {[%emt 00:01:14]} a5 {[%clk 00:06:45]} {[%emt 00:00:20]} 45.
Bd3 {[%clk 00:07:18]} {[%emt 00:00:28]} Rb7 {[%clk 00:06:16]} {[%emt 00:00:59]}
46. Ke3 {[%clk 00:07:02]} {[%emt 00:00:47]} Rc5 {[%clk 00:05:44]} {[%emt
00:01:02]} 47. Bb1 {[%clk 00:06:35]} {[%emt 00:00:57]} b4 {[%clk 00:05:58]}
{[%emt 00:00:16]} 48. axb4 {[%clk 00:06:50]} {[%emt 00:00:15]} axb4 {[%clk
00:06:22]} {[%emt 00:00:06]} 49. cxb4 {[%clk 00:07:02]} {[%emt 00:00:18]} Rxb4
{[%clk 00:06:46]} {[%emt 00:00:05]} 50. Rd2 {[%clk 00:07:23]} {[%emt 00:00:09]}
Bf4+ {[%clk 00:07:10]} {[%emt 00:00:06]} 0-1